00419 2200169 4500245004500000020002200045250001100067100001400078700002100092650001700113005001900130260003900149041001400188084001100202300002700213336000900240 aThe Man Who Plays PianocRufin DhihText a978-602-51290-1-8 aCet. 1 aRufin Dhi aPrisca Primasari aNovel Remaja a20230713141936 aJakartabRoro Raya Sejahterac2018 aIndonesia a808.83 aiv, 236 hlm. :c20 cm. atext